[Event "CRO-chT2 East"]
[Site "Osijek"]
[Date "2010.10.17"]
[Round "9.64"]
[White "Vukoje, Vladimir"]
[Black "Sitaric, Andjelko"]
[Result "1-0"]
[WhiteElo "2377"]
[BlackElo "2082"]
[PlyCount "123"]
[EventDate "2010.04.17"]
[EventType "team-tourn"]
[EventRounds "11"]
[EventCountry "CRO"]
[SourceTitle "EXT 2012"]
[Source "ChessBase"]
[SourceDate "2011.11.24"]
[SourceVersion "1"]
[SourceVersionDate "2011.11.24"]
[SourceQuality "1"]

1. e4 c5 2. Nc3 e6 3. f4 d5 4. Bb5+ Nc6 5. Qe2 d4 6. Nd1 Bd7 7. Nf3 Be7 8. 0-0 Nf6 9. Nf2 a6 10. Bxc6 Bxc6 11. Ne5 Qc7 12. a4 h5 13. a5 Bb5 14. d3 Bd6 15. Nf3 Bxf4 16. e5 Bxc1 17. Raxc1 Ng4 18. Nxg4 hxg4 19. Ng5 Rf8 20. Nh7 Rh8 21. Ng5 f5 22. Nxe6 Qe7 23. Nf4 Qh4 24. g3 Qh6 25. Nd5 Bc6 26. c4 0-0-0 27. Ne7+ Kb8 28. Nxc6+ bxc6 29. Rce1 Qe6 30. Qd2 g6 31. b4 Kc7 32. bxc5 Rb8 33. Rf4 Rhd8 34. Qf2 Rb3 35. Rxd4 Rxd3 36. Rd6 Qxc4 37. e6 Re8 38. Rxd3 Qxd3 39. Qb2 Qd5 40. Qb6+ Kc8 41. Qxa6+ Kd8 42. e7+ Kc7 43. Qb6+ Kc8 44. Qa6+ Kc7 45. Qa7+ Kc8 46. Qa8+ Kc7 47. Qxe8 Qd4+ 48. Kg2 Qd2+ 49. Kf1 Qd3+ 50. Re2 Qd1+ 51. Kf2 Qd4+ 52. Re3 Qd2+ 53. Kf1 Qd1+ 54. Re1 Qd3+ 55. Re2 Qd1+ 56. Kf2 Qd4+ 57. Ke1 Qg1+ 58. Kd2 Qd4+ 59. Kc2 Qc4+ 60. Kd1 Qd3+ 61. Ke1 Qc3+ 62. Kf1 1-0

[Event "CRO-chT2 East"]
[Site "Osijek"]
[Date "2010.04.24"]
[Round "4.33"]
[White "Sitaric, Andjelko"]
[Black "Aleksic, Robert"]
[Result "1/2-1/2"]
[WhiteElo "2082"]
[BlackElo "2217"]
[PlyCount "123"]
[EventDate "2010.04.17"]
[EventType "team-tourn"]
[EventRounds "11"]
[EventCountry "CRO"]
[SourceTitle "EXT 2012"]
[Source "ChessBase"]
[SourceDate "2011.11.24"]
[SourceVersion "1"]
[SourceVersionDate "2011.11.24"]
[SourceQuality "1"]

1. e4 e6 2. d4 d5 3. exd5 exd5 4. Bd3 Bd6 5. Nc3 c6 6. Nge2 Ne7 7. Bg5 h6 8. Bh4 Qc7 9. Bg3 Nf5 10. Qd2 a5 11. Bxd6 Qxd6 12. Na4 Be6 13. Nb6 Ra7 14. c4 dxc4 15. Bxc4 0-0 16. 0-0 Rd8 17. Rad1 c5 18. Bxe6 Qxe6 19. Qf4 Nxd4 20. Nxd4 cxd4 21. Na4 Nc6 22. b3 Qd6 23. Qxd6 Rxd6 24. Nc5 b6 25. Nd3 Re7 26. Rfe1 Rde6 27. Kf1 Kf8 28. Nf4 Rd6 29. Nd3 Ke8 30. Rc1 Kd7 31. Rc4 g5 32. Rxe7+ Kxe7 33. g4 Ke6 34. Ke2 Kd5 35. Rc1 Re6+ 36. Kd2 Re4 37. h3 Re6 38. a3 Re7 39. b4 axb4 40. axb4 Ra7 41. b5 Na5 42. Nb4+ Ke4 43. Ke2 Re7 44. f3+ Ke5 45. Kd3 Kd6 46. Nc6 Nb3 47. Rd1 Re3+ 48. Kc4 Rc3+ 49. Kb4 Rxf3 50. Nxd4 Nxd4 51. Rxd4+ Kc7 52. Rc4+ Kb7 53. Rc6 Rxh3 54. Rf6 Rh4 55. Rxf7+ Kb8 56. Kc4 Rxg4+ 57. Kd5 Rf4 58. Rg7 Rf5+ 59. Kc6 Rf6+ 60. Kd5 Rf5+ 61. Kc6 Rf6+ 62. Kd5 1/2-1/2

[Event "Osijek op"]
[Site "Osijek"]
[Date "2007.02.10"]
[Round "3"]
[White "Abramovic, Darko"]
[Black "Sitaric, Andjelko"]
[Result "0-1"]
[WhiteElo "1999"]
[BlackElo "2122"]
[PlyCount "106"]
[EventDate "2007.02.08"]
[EventType "swiss"]
[EventRounds "9"]
[EventCountry "CRO"]
[SourceTitle "CBM 116 Extra"]
[Source "ChessBase"]
[SourceDate "2007.03.07"]
[SourceVersion "1"]
[SourceVersionDate "2007.03.07"]
[SourceQuality "1"]

1. d4 Nf6 2. c4 g6 3. Nc3 Bg7 4. Nf3 d6 5. Bf4 0-0 6. e3 Nbd7 7. Be2 Nh5 8. Bg3 Nxg3 9. hxg3 e5 10. dxe5 Nxe5 11. Nxe5 Bxe5 12. Rc1 c6 13. 0-0 Qa5 14. a3 Rd8 15. Bf3 Be6 16. Qe2 Qb6 17. Rfd1 Qb3 18. Ne4 Qxb2 19. Qd3 d5 20. Rb1 dxe4 21. Qxd8+ Rxd8 22. Rxd8+ Kg7 23. Rxb2 Bxb2 24. Bxe4 Bxc4 25. Ra8 a6 26. Rb8 b5 27. Bxc6 Bxa3 28. Rb6 b4 29. Ba4 Kf8 30. Rc6 Be6 31. Rxa6 Bb2 32. Rb6 Bc3 33. f4 Ke7 34. Kf2 h5 35. Ke2 Bc4+ 36. Kd1 Bd5 37. Bc6 Be6 38. Kc2 Be1 39. Ba4 Bd5 40. Bb3 Bxg2 41. Kd3 Bxg3 42. Rxb4 h4 43. Kd4 Be1 44. Rb8 h3 45. Bd5 Bf2 46. Rb2 Bxd5 47. Rxf2 Bg2 48. Rb2 h2 49. Rb1 h1Q 50. Rxh1 Bxh1 51. e4 Ke6 52. Ke3 f5 53. exf5+ Kxf5 0-1

[Event "Osijek op"]
[Site "Osijek"]
[Date "2007.02.10"]
[Round "4"]
[White "Sitaric, Andjelko"]
[Black "Pavlovic, Vladimir"]
[Result "1-0"]
[WhiteElo "2122"]
[BlackElo "2193"]
[PlyCount "75"]
[EventDate "2007.02.08"]
[EventType "swiss"]
[EventRounds "9"]
[EventCountry "CRO"]
[SourceTitle "CBM 116 Extra"]
[Source "ChessBase"]
[SourceDate "2007.03.07"]
[SourceVersion "1"]
[SourceVersionDate "2007.03.07"]
[SourceQuality "1"]

1. e4 e5 2. Nf3 Nc6 3. Bc4 Nf6 4. Nc3 Bc5 5. d3 h6 6. Nd5 d6 7. h3 Na5 8. Bb3 Nxb3 9. axb3 Nxd5 10. exd5 0-0 11. Qe2 f5 12. Be3 Bb6 13. Bxb6 cxb6 14. 0-0 Bd7 15. c3 Be8 16. Nd2 Bg6 17. Ra4 f4 18. f3 Qg5 19. Rfa1 a6 20. Ne4 Bxe4 21. dxe4 Qe7 22. Rb4 b5 23. c4 bxc4 24. bxc4 Rfc8 25. Ra5 Rc7 26. Qf2 Rac8 27. b3 Rc5 28. Rxc5 Rxc5 29. g3 g5 30. Ra4 Qd7 31. gxf4 exf4 32. e5 Qc7 33. e6 Qg7 34. Qe2 Kf8 35. b4 Rc8 36. Qe4 Ke7 37. Ra2 Qc3 38. Qh7+ 1-0

[Event "Osijek op"]
[Site "Osijek"]
[Date "2007.02.09"]
[Round "2"]
[White "Sitaric, Andjelko"]
[Black "Mrkonjic, Nenad"]
[Result "0-1"]
[WhiteElo "2122"]
[BlackElo "2382"]
[PlyCount "100"]
[EventDate "2007.02.08"]
[EventType "swiss"]
[EventRounds "9"]
[EventCountry "CRO"]
[SourceTitle "CBM 116 Extra"]
[Source "ChessBase"]
[SourceDate "2007.03.07"]
[SourceVersion "1"]
[SourceVersionDate "2007.03.07"]
[SourceQuality "1"]

1. e4 c6 2. d4 d5 3. Nc3 dxe4 4. Nxe4 Nf6 5. Ng3 g6 6. Nf3 Bg7 7. Bc4 0-0 8. c3 Nbd7 9. Bg5 b5 10. Bb3 c5 11. Qd2 Bb7 12. Rd1 Qb6 13. h4 cxd4 14. cxd4 h5 15. Qd3 Bd5 16. Bc2 Bc4 17. Qd2 Qe6+ 18. Be3 Bxa2 19. Ng5 Qd5 20. 0-0 Bb3 21. Bxb3 Qxb3 22. N5e4 Nxe4 23. Nxe4 Qd5 24. Nc3 Qf5 25. Rfe1 Nb6 26. Bh6 b4 27. Ne4 Nd5 28. Nc5 Rfd8 29. Bxg7 Kxg7 30. Re5 Qf6 31. Nb7 Qxh4 32. Nxd8 Rxd8 33. g3 Qh3 34. Ra1 Rd7 35. Ra5 Nf6 36. Qf4 e6 37. f3 Nd5 38. Raxd5 Rxd5 39. Rxd5 exd5 40. Qe5+ Kh7 41. Qxd5 Qxg3+ 42. Kf1 Kg7 43. Qe4 h4 44. f4 h3 45. Qe5+ Kh7 46. Qf6 Qf3+ 47. Ke1 Qe3+ 48. Kf1 Kg8 49. d5 Qf3+ 50. Ke1 Qxd5 0-1

[Event "Bizovac Metalis op 13th"]
[Site "Bizovac"]
[Date "2006.02.24"]
[Round "3"]
[White "Sulc, Damir"]
[Black "Sitaric, Andjelko"]
[Result "1-0"]
[WhiteElo "2307"]
[BlackElo "2096"]
[PlyCount "39"]
[EventDate "2006.02.23"]
[EventType "swiss"]
[EventRounds "7"]
[EventCountry "CRO"]
[SourceTitle "CBM 110 Extra"]
[Source "ChessBase"]
[SourceDate "2006.03.10"]
[SourceVersion "2"]
[SourceVersionDate "2006.03.10"]
[SourceQuality "1"]

1. e4 c5 2. Nf3 e6 3. d4 cxd4 4. Nxd4 Nf6 5. f3 a6 6. Nc3 Qc7 7. a3 Nc6 8. Be3 b5 9. Qd2 Bb7 10. Nxc6 dxc6 11. g4 Be7 12. g5 Nd7 13. 0-0-0 0-0-0 14. Qf2 c5 15. Kb1 Nb6 16. Be2 f6 17. gxf6 Bxf6 18. Bxc5 Bxc3 19. Bxb6 Rxd1+ 20. Rxd1 1-0

[Event "Osijek op"]
[Site "Osijek"]
[Date "2005.02.19"]
[Round "9"]
[White "Oreskovic, Pero"]
[Black "Sitaric, Andjelko"]
[Result "0-1"]
[WhiteElo "2085"]
[BlackElo "2080"]
[PlyCount "82"]
[EventDate "2005.02.12"]
[EventType "swiss"]
[EventRounds "9"]
[EventCountry "CRO"]
[SourceTitle "EXT 2006"]
[Source "ChessBase"]
[SourceDate "2005.11.24"]
[SourceVersion "1"]
[SourceVersionDate "2005.11.24"]
[SourceQuality "1"]

1. c4 Nf6 2. g3 g6 3. Bg2 Bg7 4. Nf3 0-0 5. 0-0 e6 6. Nc3 d5 7. b3 Ne4 8. Bb2 c5 9. Qc2 Nc6 10. Nxe4 dxe4 11. Ne1 Nb4 12. Qc1 Bh6 13. Qc3 f6 14. e3 Bg7 15. Bxe4 Qc7 16. a3 Nc6 17. b4 Ne5 18. bxc5 f5 19. f4 Nf3+ 20. Bxf3 Bxc3 21. Bxc3 Bd7 22. d4 Bc6 23. d5 exd5 24. cxd5 Bb5 25. Rf2 Rfe8 26. Bd4 Qa5 27. Rb2 Rad8 28. a4 Bc4 29. Rxb7 Bxd5 30. Rg7+ Kf8 31. Rxh7 Bxf3 32. Nxf3 Rxd4 33. exd4 Qc3 34. Rf1 Re3 35. Kg2 Qc2+ 36. Kg1 Re2 37. Rxa7 Rg2+ 38. Kh1 Re2 39. a5 Qe4 40. a6 Ra2 41. Rb7 Qe2 0-1

[Event "Osijek op"]
[Site "Osijek"]
[Date "2005.02.12"]
[Round "1"]
[White "Sitaric, Andjelko"]
[Black "Imsirovic, Alen"]
[Result "1-0"]
[WhiteElo "2080"]
[BlackElo "1657"]
[PlyCount "38"]
[EventDate "2005.02.12"]
[EventType "swiss"]
[EventRounds "9"]
[EventCountry "CRO"]
[SourceTitle "EXT 2006"]
[Source "ChessBase"]
[SourceDate "2005.11.24"]
[SourceVersion "1"]
[SourceVersionDate "2005.11.24"]
[SourceQuality "1"]

1. e4 e5 2. Nf3 Nc6 3. Bc4 Bc5 4. c3 Nf6 5. d4 exd4 6. e5 Ng4 7. cxd4 Bb4+ 8. Nc3 d6 9. Bg5 f6 10. exf6 gxf6 11. Bf4 f5 12. 0-0 Bxc3 13. bxc3 d5 14. Re1+ Ne7 15. Bg5 dxc4 16. h3 Rg8 17. Bxe7 Qxe7 18. Rxe7+ Kxe7 19. hxg4 Rxg4 1-0

[Event "Bizovac Metalis op 11th"]
[Site "Bizovac"]
[Date "2004.02.29"]
[Round "7"]
[White "Sitaric, Andjelko"]
[Black "Kristovic, Marijan"]
[Result "0-1"]
[WhiteElo "2058"]
[BlackElo "2374"]
[PlyCount "42"]
[EventDate "2004.02.26"]
[EventType "swiss"]
[EventRounds "7"]
[EventCountry "CRO"]
[SourceTitle "CBM 098 Extra"]
[Source "ChessBase"]
[SourceDate "2004.03.10"]
[SourceVersion "2"]
[SourceVersionDate "2004.03.10"]
[SourceQuality "1"]

1. e4 c5 2. f4 e6 3. Nf3 d5 4. e5 Nc6 5. c3 Nge7 6. Na3 a6 7. d3 b5 8. Nc2 Bb7 9. d4 Nf5 10. Be3 cxd4 11. Nfxd4 Ncxd4 12. Bxd4 Qh4+ 13. g3 Nxg3 14. Bf2 Qxf4 15. Bxg3 Qe4+ 16. Qe2 Qxh1 17. 0-0-0 Qe4 18. Ne3 Qa4 19. Bg2 Qxa2 20. h4 Rc8 21. Qg4 Rxc3+ 0-1

[Event "Osijek op"]
[Site "Osijek"]
[Date "2004.02.04"]
[Round "5"]
[White "Gasparevic, Josip"]
[Black "Sitaric, Andjelko"]
[Result "0-1"]
[WhiteElo "1600"]
[BlackElo "2058"]
[PlyCount "92"]
[EventDate "2004.01.??"]
[EventType "swiss"]
[EventRounds "9"]
[EventCountry "CRO"]
[SourceTitle "EXT 2005"]
[Source "ChessBase"]
[SourceDate "2004.11.15"]
[SourceVersion "1"]
[SourceVersionDate "2004.11.15"]
[SourceQuality "1"]

1. c4 Nf6 2. d4 g6 3. Nf3 Bg7 4. Nc3 d6 5. e4 0-0 6. Bd3 Nbd7 7. 0-0 e5 8. d5 a5 9. h3 Nc5 10. Bc2 Bd7 11. Be3 b6 12. Nd2 Nh5 13. a3 a4 14. Bxc5 bxc5 15. Bxa4 Bxa4 16. Nxa4 Nf4 17. Nc3 Qg5 18. Qg4 Nxh3+ 19. gxh3 Qxd2 20. Qe2 Qh6 21. Qe3 Qh5 22. Kg2 f5 23. Qf3 Qg5+ 24. Qg3 Qd2 25. Qe3 Qc2 26. Rfc1 Qb3 27. Nb5 Qxe3 28. fxe3 Rf7 29. Rf1 f4 30. Rf3 g5 31. Ra2 h5 32. b3 Kh7 33. a4 Ra5 34. Ra1 Kg6 35. Re1 Bf6 36. Rh1 Ra8 37. Ra1 g4 38. hxg4 hxg4 39. Rff1 Bh4 40. Rh1 f3+ 41. Kf1 Kg5 42. Nc3 g3 43. Rxh4 Kxh4 44. a5 Kh3 45. a6 Kh2 46. a7 Rxa7 0-1

[Event "Osijek op"]
[Site "Osijek"]
[Date "2004.02.03"]
[Round "4"]
[White "Sitaric, Andjelko"]
[Black "Abramovic, Darko"]
[Result "1-0"]
[WhiteElo "2058"]
[BlackElo "1768"]
[PlyCount "103"]
[EventDate "2004.01.??"]
[EventType "swiss"]
[EventRounds "9"]
[EventCountry "CRO"]
[SourceTitle "EXT 2005"]
[Source "ChessBase"]
[SourceDate "2004.11.15"]
[SourceVersion "1"]
[SourceVersionDate "2004.11.15"]
[SourceQuality "1"]

1. e4 c5 2. f4 d6 3. Nc3 Nc6 4. d3 Nf6 5. h3 e6 6. Nf3 Be7 7. Be3 a6 8. g4 d5 9. e5 Nd7 10. Bf2 b5 11. Bg2 Bb7 12. Ne2 0-0 13. c3 f6 14. d4 c4 15. Ng3 fxe5 16. fxe5 a5 17. 0-0 b4 18. Qd2 Rf7 19. Be3 Nf8 20. Bg5 Ng6 21. Bxe7 Qxe7 22. Ng5 Rxf1+ 23. Rxf1 Rf8 24. Rxf8+ Nxf8 25. Nh5 h6 26. Nf3 b3 27. axb3 cxb3 28. Bf1 a4 29. Bd3 a3 30. bxa3 Qxa3 31. g5 Qa1+ 32. Kg2 Qa2 33. gxh6 gxh6 34. Kg3 Qxd2 35. Nxd2 Na5 36. Nf6+ Kh8 37. Kh4 Bc6 38. Kg3 Ba4 39. Kf2 b2 40. Bb1 Kg7 41. Nh5+ Kh8 42. Nf4 Kg7 43. Nd3 Nd7 44. Nxb2 Nb6 45. Ke3 Bb5 46. Bd3 Nbc4+ 47. Nbxc4 Bxc4 48. Bxc4 Nxc4+ 49. Nxc4 dxc4 50. Ke4 Kf7 51. d5 exd5+ 52. Kxd5 1-0

[Event "Osijek op"]
[Site "Osijek"]
[Date "2004.02.02"]
[Round "3"]
[White "Strekelj, Vlado"]
[Black "Sitaric, Andjelko"]
[Result "0-1"]
[WhiteElo "1605"]
[BlackElo "2058"]
[PlyCount "50"]
[EventDate "2004.01.??"]
[EventType "swiss"]
[EventRounds "9"]
[EventCountry "CRO"]
[SourceTitle "EXT 2005"]
[Source "ChessBase"]
[SourceDate "2004.11.15"]
[SourceVersion "1"]
[SourceVersionDate "2004.11.15"]
[SourceQuality "1"]

1. Nf3 Nf6 2. d4 g6 3. c4 Bg7 4. Nc3 0-0 5. e4 d6 6. Be2 Nbd7 7. Be3 Ng4 8. Bg5 h6 9. Be3 Nxe3 10. fxe3 e5 11. 0-0 c6 12. d5 c5 13. Qc2 h5 14. Rab1 Bh6 15. Qd2 Nf6 16. Ne1 Bg4 17. Bf3 Kh7 18. h3 Bxf3 19. gxf3 h4 20. Ng2 Nh5 21. Kh2 f5 22. Qf2 Ng3 23. Nxh4 Nxf1+ 24. Rxf1 Bxe3 25. Qg2 Qxh4 0-1

[Event "Osijek op"]
[Site "Osijek"]
[Date "2003.02.01"]
[Round "2"]
[White "Drmic, Bozo"]
[Black "Sitaric, Andjelko"]
[Result "1-0"]
[WhiteElo "2091"]
[BlackElo "2079"]
[PlyCount "27"]
[EventDate "2003.02.01"]
[EventType "swiss"]
[EventRounds "9"]
[EventCountry "CRO"]
[SourceTitle "EXT 2005"]
[Source "ChessBase"]
[SourceDate "2004.11.15"]
[SourceVersion "1"]
[SourceVersionDate "2004.11.15"]
[SourceQuality "1"]

1. e4 c5 2. Nf3 e6 3. d4 cxd4 4. Nxd4 Nf6 5. Nc3 Bb4 6. Bd3 Nc6 7. Nxc6 dxc6 8. 0-0 e5 9. Bg5 Bg4 10. Bxf6 Bxd1 11. Bxd8 Bxc2 12. Bxc2 Rxd8 13. Rad1 Ke7 14. Rxd8 1-0